000 00289nam a22001217a 4500
999 _c13258
_d13258
020 _a9789697280384
082 _aQP535.C2
100 _aDr Sahar Afshan
245 _aEurope Under US Imperialism
260 _aLahore Pakistan
_bPeace Publications
_c2021
300 _a190 pages
942 _cBK